[Event "Ekstraliga 2019"]
[Site "Katowice"]
[Date "2019.09.03"]
[Round "7.4"]
[White "Michalik, Peter"]
[Black "Kaczmarek, Aleksander"]
[Result "1-0"]
[BlackElo "2389"]
[WhiteElo "2573"]
[WhiteTeam "Wieza Pegow"]
[BlackTeam "KSz Dwie Wieze Krakow"]
[LiveChessVersion "1.4.8"]

1. d4 {[%clk 1:30:57]} Nf6 {[%clk 1:30:53]} 2. Nf3 {[%clk 1:31:13]} e6
{[%clk 1:31:09]} 3. c4 {[%clk 1:31:25]} Bb4+ {[%clk 1:31:28]} 4. Nc3
{[%clk 1:30:59]} O-O {[%clk 1:30:46]} 5. Bg5 {[%clk 1:30:33]} h6 {[%clk 1:30:21]}
6. Bh4 {[%clk 1:30:56]} d6 {[%clk 1:20:52]} 7. Qc2 {[%clk 1:29:53]} Nbd7
{[%clk 1:18:21]} 8. e3 {[%clk 1:24:42]} Qe7 {[%clk 1:16:57]} 9. Be2
{[%clk 1:24:52]} e5 {[%clk 1:16:14]} 10. O-O {[%clk 1:22:02]} Bxc3
{[%clk 1:16:25]} 11. Qxc3 {[%clk 1:22:12]} g5 {[%clk 1:07:33]} 12. Bg3
{[%clk 1:19:46]} Ne4 {[%clk 1:07:41]} 13. Qc2 {[%clk 1:16:30]} Nxg3
{[%clk 1:02:57]} 14. fxg3 {[%clk 1:16:36]} Nf6 {[%clk 0:58:16]} 15. dxe5
{[%clk 1:11:56]} dxe5 {[%clk 0:58:37]} 16. Qc3 {[%clk 1:12:20]} Re8
{[%clk 0:55:51]} 17. Nd2 {[%clk 1:12:44]} a5 {[%clk 0:48:40]} 18. Rf2
{[%clk 1:11:11]} c5 {[%clk 0:43:24]} 19. Raf1 {[%clk 1:10:47]} Ra6
{[%clk 0:43:40]} 20. Bf3 {[%clk 1:10:36]} Rf8 {[%clk 0:32:08]} 21. h3
{[%clk 0:57:59]} e4 {[%clk 0:25:28]} 22. Bd1 {[%clk 0:57:48]} Ne8
{[%clk 0:25:38]} 23. Bc2 {[%clk 0:56:41]} Re6 {[%clk 0:24:25]} 24. Qxa5
{[%clk 0:56:17]} f5 {[%clk 0:23:12]} 25. Rxf5 {[%clk 0:55:15]} Rxf5
{[%clk 0:17:12]} 26. Rxf5 {[%clk 0:55:39]} b6 {[%clk 0:17:10]} 27. Qc3
{[%clk 0:54:29]} Nd6 {[%clk 0:17:19]} 28. Rf2 {[%clk 0:54:32]} Re5
{[%clk 0:16:36]} 29. Bd1 {[%clk 0:53:23]} Bd7 {[%clk 0:16:18]} 30. Nf1
{[%clk 0:52:39]} b5 {[%clk 0:14:30]} 31. cxb5 {[%clk 0:52:40]} Bxb5
{[%clk 0:14:23]} 32. Nh2 {[%clk 0:52:30]} Rd5 {[%clk 0:12:43]} 33. Bh5
{[%clk 0:50:34]} Qe5 {[%clk 0:08:21]} 34. Qe1 {[%clk 0:48:11]} Nf5
{[%clk 0:05:03]} 35. Qa5 {[%clk 0:27:56]} Bd7 {[%clk 0:04:12]} 36. Nf1
{[%clk 0:25:35]} Be6 {[%clk 0:03:36]} 37. Bg4 {[%clk 0:25:29]} Ng7
{[%clk 0:02:47]} 38. Bxe6+ {[%clk 0:23:00]} Qxe6 {[%clk 0:03:09]} 39. Rd2
{[%clk 0:22:41]} Kh7 {[%clk 0:00:50]} 40. Qc3 {[%clk 0:49:54]} Rf5
{[%clk 0:30:44]} 41. b3 {[%clk 0:49:09]} g4 {[%clk 0:26:12]} 42. hxg4
{[%clk 0:45:35]} Rg5 {[%clk 0:26:14]} 43. Rf2 {[%clk 0:45:49]} Qxg4
{[%clk 0:20:29]} 44. Rf4 {[%clk 0:46:11]} Qd1 {[%clk 0:20:18]} 45. Qc4
{[%clk 0:45:31]} Rxg3 {[%clk 0:19:49]} 46. Qxe4+ {[%clk 0:45:52]} Kg8
{[%clk 0:20:07]} 47. Qc4+ {[%clk 0:44:05]} Kh7 {[%clk 0:20:31]} 48. Qxc5
{[%clk 0:43:53]} Rg5 {[%clk 0:19:57]} 49. Qd4 {[%clk 0:43:35]} Qe1
{[%clk 0:19:51]} 50. Qd2 {[%clk 0:41:54]} Qb1 {[%clk 0:19:59]} 51. Rf2
{[%clk 0:42:09]} Rc5 {[%clk 0:18:07]} 52. Qb2 {[%clk 0:42:04]} Qg6
{[%clk 0:16:22]} 53. b4 {[%clk 0:42:26]} Rg5 {[%clk 0:16:37]} 54. b5
{[%clk 0:42:39]} Qb6 {[%clk 0:14:51]} 55. Qc2+ {[%clk 0:42:33]} Kg8
{[%clk 0:15:09]} 56. a4 {[%clk 0:42:57]} h5 {[%clk 0:14:50]} 57. Qe4
{[%clk 0:42:54]} Rg4 {[%clk 0:14:46]} 58. Rf4 {[%clk 0:42:55]} Rg5
{[%clk 0:14:43]} 59. Qc4+ {[%clk 0:42:57]} Kh7 {[%clk 0:13:23]} 60. Qc2+
{[%clk 0:43:22]} Kg8 {[%clk 0:13:42]} 61. Rc4 {[%clk 0:43:31]} Rf5
{[%clk 0:11:10]} 62. Rc6 {[%clk 0:43:07]} Qa5 {[%clk 0:10:33]} 63. Rc8+
{[%clk 0:43:21]} Kh7 {[%clk 0:10:59]} 64. Rc7 {[%clk 0:43:18]} Kh6
{[%clk 0:10:44]} 65. Qc3 {[%clk 0:43:17]} Qxc3 {[%clk 0:10:19]} 66. Rxc3
{[%clk 0:43:42]} Ne8 {[%clk 0:09:38]} 67. b6 {[%clk 0:44:04]} Nf6
{[%clk 0:10:02]} 68. b7 {[%clk 0:44:16]} Nd7 {[%clk 0:10:29]} 69. Rd3
{[%clk 0:44:34]} 1-0

[Event "Ekstraliga 2019"]
[Site "Katowice"]
[Date "2019.09.03"]
[Round "7.5"]
[White "Mikrut, Dariusz"]
[Black "Plat, Vojtech"]
[Result "1/2-1/2"]
[BlackElo "2561"]
[WhiteElo "2375"]
[WhiteTeam "KSz Dwie Wieze Krakow"]
[BlackTeam "Wieza Pegow"]
[LiveChessVersion "1.4.8"]

1. d4 {[%clk 1:30:56]} d6 {[%clk 1:30:43]} 2. c4 {[%clk 1:29:24]} e5
{[%clk 1:31:08]} 3. d5 {[%clk 1:29:49]} g6 {[%clk 1:31:14]} 4. Nc3
{[%clk 1:30:13]} Bg7 {[%clk 1:31:41]} 5. e4 {[%clk 1:30:36]} Ne7 {[%clk 1:32:07]}
6. h4 {[%clk 1:31:02]} h5 {[%clk 1:32:07]} 7. Be3 {[%clk 1:30:26]} a5
{[%clk 1:32:26]} 8. c5 {[%clk 1:28:15]} dxc5 {[%clk 1:29:00]} 9. Bb5+
{[%clk 1:26:06]} Nd7 {[%clk 1:24:30]} 10. Bxc5 {[%clk 1:26:14]} O-O
{[%clk 1:21:45]} 11. Ba3 {[%clk 1:26:22]} c5 {[%clk 1:13:55]} 12. Nf3
{[%clk 1:20:45]} Qb6 {[%clk 1:11:31]} 13. Qa4 {[%clk 1:15:17]} Rd8
{[%clk 1:03:46]} 14. Nd2 {[%clk 1:00:30]} Qf6 {[%clk 1:04:08]} 15. Nc4
{[%clk 0:59:36]} Qf4 {[%clk 0:59:32]} 16. Qc2 {[%clk 0:54:36]} f5
{[%clk 0:55:21]} 17. Bxd7 {[%clk 0:43:18]} Bxd7 {[%clk 0:55:45]} 18. Nb6
{[%clk 0:39:29]} fxe4 {[%clk 0:54:01]} 19. Bxc5 {[%clk 0:39:15]} Nf5
{[%clk 0:52:39]} 20. Qxe4 {[%clk 0:39:33]} Ra6 {[%clk 0:51:48]} 21. g3
{[%clk 0:32:19]} Qxe4+ {[%clk 0:51:47]} 22. Nxe4 {[%clk 0:32:44]} Bb5
{[%clk 0:50:50]} 23. Nc3 {[%clk 0:24:59]} Bf8 {[%clk 0:46:01]} 24. Bxf8
{[%clk 0:22:27]} Kxf8 {[%clk 0:45:41]} 25. Nba4 {[%clk 0:16:58]} Bxa4
{[%clk 0:46:01]} 26. Nxa4 {[%clk 0:17:26]} Rxd5 {[%clk 0:46:22]} 27. Nc3
{[%clk 0:17:35]} Rd7 {[%clk 0:44:38]} 28. Rd1 {[%clk 0:17:07]} Nd4
{[%clk 0:45:02]} 29. O-O {[%clk 0:17:21]} Rb6 {[%clk 0:44:42]} 30. b3
{[%clk 0:14:46]} Rc6 {[%clk 0:43:50]} 31. Ne4 {[%clk 0:14:58]} Rc2
{[%clk 0:43:57]} 32. Kg2 {[%clk 0:14:58]} Rxa2 {[%clk 0:43:27]} 33. Ng5
{[%clk 0:14:06]} Re7 {[%clk 0:42:18]} 34. Rfe1 {[%clk 0:11:55]} b5
{[%clk 0:37:23]} 35. Re3 {[%clk 0:11:52]} b4 {[%clk 0:35:37]} 36. Nf3
{[%clk 0:09:41]} Rf7 {[%clk 0:26:50]} 37. Rd2 {[%clk 0:09:44]} Rxd2
{[%clk 0:27:14]} 38. Nxd2 {[%clk 0:10:08]} Rc7 {[%clk 0:27:06]} 39. Rxe5
{[%clk 0:06:50]} Rc2 {[%clk 0:27:25]} 40. Nc4 {[%clk 0:35:12]} Nxb3
{[%clk 0:48:14]} 41. Nxa5 {[%clk 0:34:44]} Nc5 {[%clk 0:47:25]} 42. Re3
{[%clk 0:28:26]} Rc3 {[%clk 0:47:44]} 43. Kf3 {[%clk 0:28:07]} Kf7
{[%clk 0:47:09]} 44. Nc6 {[%clk 0:22:10]} Rxe3+ {[%clk 0:47:09]} 45. Kxe3
{[%clk 0:22:30]} b3 {[%clk 0:47:37]} 46. Ne5+ {[%clk 0:22:57]} Ke6
{[%clk 0:47:06]} 47. Nd3 {[%clk 0:16:41]} Kd5 {[%clk 0:45:20]} 48. Nb2
{[%clk 0:15:41]} Ne4 {[%clk 0:45:09]} 49. Nd1 {[%clk 0:15:44]} Nd6
{[%clk 0:44:12]} 50. Kd3 {[%clk 0:14:59]} Nb5 {[%clk 0:44:38]} 51. f3
{[%clk 0:14:10]} Kc5 {[%clk 0:45:04]} 52. g4 {[%clk 0:13:57]} Kb4
{[%clk 0:45:29]} 53. gxh5 {[%clk 0:13:49]} gxh5 {[%clk 0:45:58]} 54. f4
{[%clk 0:13:11]} Nd6 {[%clk 0:46:16]} 55. Kd4 {[%clk 0:12:07]} Nf5+
{[%clk 0:46:19]} 56. Ke4 {[%clk 0:11:00]} Nxh4 {[%clk 0:46:12]} 57. f5
{[%clk 0:11:21]} Kc5 {[%clk 0:46:39]} 58. Kf4 {[%clk 0:10:48]} Ng2+
{[%clk 0:46:19]} 59. Kf3 {[%clk 0:05:35]} Ne1+ {[%clk 0:46:35]} 60. Kf4
{[%clk 0:04:18]} h4 {[%clk 0:43:36]} 61. Nb2 {[%clk 0:03:40]} Kd5
{[%clk 0:42:54]} 62. Kg4 {[%clk 0:03:40]} Ke5 {[%clk 0:43:18]} 63. Nc4+
{[%clk 0:03:58]} Kd5 {[%clk 0:38:10]} 64. Nb2 {[%clk 0:04:12]} Ng2
{[%clk 0:38:08]} 65. f6 {[%clk 0:02:25]} Ke6 {[%clk 0:38:30]} 66. f7
{[%clk 0:01:06]} Kxf7 {[%clk 0:38:57]} 67. Kh3 {[%clk 0:01:34]} Ne3
{[%clk 0:39:23]} 68. Kxh4 {[%clk 0:02:00]} Kf6 {[%clk 0:39:45]} 69. Kg3
{[%clk 0:02:26]} Ke5 {[%clk 0:40:09]} 70. Kf3 {[%clk 0:02:51]} Kd4
{[%clk 0:40:38]} 71. Ke2 {[%clk 0:03:05]} Kc3 {[%clk 0:41:07]} 72. Na4+
{[%clk 0:02:30]} Kb4 {[%clk 0:41:30]} 73. Nb2 {[%clk 0:02:56]} Ka3
{[%clk 0:41:51]} 74. Nd3 {[%clk 0:03:12]} Nc4 {[%clk 0:42:16]} 75. Ke1
{[%clk 0:02:33]} Nb6 {[%clk 0:42:20]} 76. Kd2 {[%clk 0:02:44]} Nd5
{[%clk 0:41:37]} 77. Kd1 {[%clk 0:01:08]} Nf4 {[%clk 0:39:27]} 78. Ne5
{[%clk 0:01:15]} Ka2 {[%clk 0:39:40]} 79. Nc4 {[%clk 0:01:09]} Nd3
{[%clk 0:38:44]} 80. Kd2 {[%clk 0:00:56]} Ne5 {[%clk 0:39:11]} 81. Ne3
{[%clk 0:01:06]} Nf3+ {[%clk 0:38:28]} 82. Ke2 {[%clk 0:01:24]} Ng5
{[%clk 0:37:59]} 83. Nc4 {[%clk 0:01:41]} Ne4 {[%clk 0:37:43]} 84. Ke3
{[%clk 0:01:16]} Nc5 {[%clk 0:37:55]} 85. Ke2 {[%clk 0:00:39]} Na4
{[%clk 0:38:04]} 86. Kd2 {[%clk 0:00:55]} Nc5 {[%clk 0:37:31]} 87. Ke2
{[%clk 0:01:21]} Nd7 {[%clk 0:37:44]} 88. Kd2 {[%clk 0:01:33]} Ne5
{[%clk 0:37:24]} 89. Ne3 {[%clk 0:01:31]} Nf3+ {[%clk 0:37:23]} 90. Ke2
{[%clk 0:01:52]} Nh2 {[%clk 0:35:34]} 91. Nc4 {[%clk 0:02:13]} Ng4
{[%clk 0:36:00]} 92. Kd2 {[%clk 0:02:23]} Ne5 {[%clk 0:35:38]} 1/2-1/2

[Event "Ekstraliga 2019"]
[Site "Katowice"]
[Date "2019.09.03"]
[Round "7.6"]
[White "Majdan, Joanna"]
[Black "Osmak, Iulija"]
[Result "0-1"]
[BlackElo "2414"]
[WhiteElo "2368"]
[WhiteTeam "Wieza Pegow"]
[BlackTeam "KSz Dwie Wieze Krakow"]
[LiveChessVersion "1.4.8"]

1. e4 {[%clk 1:30:57]} e6 {[%clk 1:30:55]} 2. d3 {[%clk 1:31:23]} d5
{[%clk 1:30:54]} 3. Nd2 {[%clk 1:31:47]} Nf6 {[%clk 1:31:10]} 4. Ngf3
{[%clk 1:32:03]} Nc6 {[%clk 1:21:56]} 5. g3 {[%clk 1:28:30]} dxe4
{[%clk 1:19:52]} 6. dxe4 {[%clk 1:28:55]} e5 {[%clk 1:20:12]} 7. Bg2
{[%clk 1:29:11]} Bc5 {[%clk 1:20:37]} 8. O-O {[%clk 1:29:23]} O-O
{[%clk 1:21:01]} 9. Qe2 {[%clk 1:26:32]} Qe7 {[%clk 1:17:49]} 10. Nc4
{[%clk 1:22:40]} Rd8 {[%clk 1:14:36]} 11. c3 {[%clk 1:22:26]} a5 {[%clk 1:14:45]}
12. Bg5 {[%clk 1:18:42]} h6 {[%clk 1:10:15]} 13. Bxf6 {[%clk 1:18:56]} Qxf6
{[%clk 1:10:42]} 14. Ne3 {[%clk 1:18:44]} Be6 {[%clk 1:09:22]} 15. Nd2
{[%clk 1:12:23]} Ne7 {[%clk 1:04:59]} 16. Nb3 {[%clk 1:07:21]} Bb6
{[%clk 1:01:09]} 17. Rad1 {[%clk 1:02:41]} a4 {[%clk 1:00:05]} 18. Nc1
{[%clk 1:03:04]} c6 {[%clk 0:59:19]} 19. h4 g6 20. Kh2 {[%clk 0:53:44]} Kg7
{[%clk 0:47:41]} 21. Bh3 {[%clk 0:50:07]} Bxh3 {[%clk 0:42:01]} 22. Kxh3
{[%clk 0:50:30]} h5 {[%clk 0:42:26]} 23. Kg2 {[%clk 0:48:58]} Qe6
{[%clk 0:40:27]} 24. a3 {[%clk 0:47:46]} Ng8 {[%clk 0:39:03]} 25. Qc4
{[%clk 0:38:14]} Qe7 {[%clk 0:32:11]} 26. Nd3 {[%clk 0:32:49]} Bxe3
{[%clk 0:30:15]} 27. fxe3 {[%clk 0:33:15]} Nf6 {[%clk 0:29:06]} 28. Kf3
{[%clk 0:29:34]} Rd6 {[%clk 0:25:59]} 29. Ke2 {[%clk 0:27:09]} b5
{[%clk 0:23:17]} 30. Qb4 {[%clk 0:27:26]} Rad8 {[%clk 0:20:44]} 31. Nf2
{[%clk 0:23:12]} Rxd1 {[%clk 0:16:21]} 32. Rxd1 {[%clk 0:20:40]} Qxb4
{[%clk 0:16:46]} 33. axb4 {[%clk 0:18:46]} Rxd1 {[%clk 0:16:08]} 34. Kxd1
{[%clk 0:19:12]} Ne8 {[%clk 0:15:38]} 35. Nd3 {[%clk 0:16:41]} Kf6
{[%clk 0:14:43]} 36. Ke2 {[%clk 0:12:49]} Nd6 {[%clk 0:14:36]} 37. Nc1
{[%clk 0:07:25]} Nxe4 {[%clk 0:13:42]} 38. Kf3 {[%clk 0:07:51]} Kf5
{[%clk 0:12:47]} 39. Nd3 {[%clk 0:07:08]} Nxc3 {[%clk 0:12:13]} 0-1

[Event "Ekstraliga 2019"]
[Site "Katowice"]
[Date "2019.09.03"]
[Round "7.7"]
[White "Kuzmicz, Krystian"]
[Black "Tomczak, Jacek"]
[Result "1/2-1/2"]
[BlackElo "2628"]
[WhiteElo "2461"]
[WhiteTeam "Bialy Krol Wisznia Mala"]
[BlackTeam "Akademia Szachowa Gliwice"]
[LiveChessVersion "1.4.8"]

1. d4 {[%clk 1:30:58]} Nf6 {[%clk 1:30:39]} 2. g3 {[%clk 1:31:13]} c5
{[%clk 1:24:20]} 3. dxc5 {[%clk 1:30:08]} e6 {[%clk 1:21:34]} 4. Bg2
{[%clk 1:29:55]} Bxc5 {[%clk 1:21:48]} 5. Nf3 {[%clk 1:30:20]} d5
{[%clk 1:20:32]} 6. c4 {[%clk 1:21:51]} d4 {[%clk 1:15:36]} 7. Nbd2
{[%clk 1:16:07]} Nc6 {[%clk 1:14:08]} 8. O-O {[%clk 1:12:44]} a5 {[%clk 1:08:08]}
9. Nb3 {[%clk 1:10:41]} Ba7 {[%clk 1:08:05]} 10. e3 {[%clk 1:07:20]} dxe3
{[%clk 1:02:55]} 11. Qxd8+ {[%clk 1:07:24]} Kxd8 {[%clk 1:03:18]} 12. Bxe3
{[%clk 1:07:44]} Bxe3 {[%clk 1:03:42]} 13. fxe3 {[%clk 1:07:54]} Ke7
{[%clk 1:03:35]} 14. Nc5 {[%clk 0:45:59]} Ng4 {[%clk 0:56:18]} 15. Rfe1
{[%clk 0:42:32]} Rd8 {[%clk 0:55:54]} 16. h3 {[%clk 0:36:28]} Nge5
{[%clk 0:40:24]} 17. b3 {[%clk 0:33:02]} Nd3 {[%clk 0:30:18]} 18. Nxd3
{[%clk 0:33:27]} Rxd3 {[%clk 0:30:45]} 19. Rad1 {[%clk 0:23:47]} Rxd1
{[%clk 0:29:59]} 20. Rxd1 {[%clk 0:24:15]} a4 {[%clk 0:17:05]} 21. Nd4
{[%clk 0:24:07]} axb3 {[%clk 0:17:02]} 22. axb3 {[%clk 0:24:17]} Bd7
{[%clk 0:14:19]} 23. Rd2 {[%clk 0:13:54]} Ra1+ {[%clk 0:13:23]} 24. Kf2
{[%clk 0:14:04]} e5 {[%clk 0:10:50]} 25. Nxc6+ {[%clk 0:12:25]} bxc6
{[%clk 0:10:54]} 26. Rb2 {[%clk 0:12:08]} c5 {[%clk 0:09:18]} 27. g4
{[%clk 0:12:00]} f5 {[%clk 0:07:03]} 28. gxf5 {[%clk 0:10:26]} Bxf5
{[%clk 0:07:29]} 29. b4 {[%clk 0:08:45]} cxb4 {[%clk 0:07:40]} 30. Rxb4
{[%clk 0:09:13]} Ra2+ {[%clk 0:06:56]} 31. Kg3 {[%clk 0:09:27]} Re2
{[%clk 0:06:01]} 32. Rb7+ {[%clk 0:09:31]} Kf6 {[%clk 0:05:59]} 33. Rb6+
{[%clk 0:09:50]} Ke7 {[%clk 0:06:24]} 34. Rb7+ {[%clk 0:10:16]} Kd6
{[%clk 0:05:46]} 35. Rb6+ {[%clk 0:10:26]} Kc7 {[%clk 0:04:49]} 36. Rb7+
{[%clk 0:10:46]} Kd6 {[%clk 0:04:17]} 1/2-1/2

[Event "Ekstraliga 2019"]
[Site "Katowice"]
[Date "2019.09.03"]
[Round "7.8"]
[White "Czarnota, Pawel"]
[Black "Brodowski, Piotr"]
[Result "0-1"]
[BlackElo "2430"]
[WhiteElo "2532"]
[WhiteTeam "Akademia Szachowa Gliwice"]
[BlackTeam "Bialy Krol Wisznia Mala"]
[LiveChessVersion "1.4.8"]

1. e4 {[%clk 1:30:55]} g6 {[%clk 1:30:54]} 2. d4 {[%clk 1:31:05]} Bg7
{[%clk 1:31:16]} 3. Nf3 {[%clk 1:31:12]} d6 {[%clk 1:31:35]} 4. h3
{[%clk 1:30:09]} Nf6 {[%clk 1:24:00]} 5. Nc3 {[%clk 1:30:09]} O-O
{[%clk 1:23:31]} 6. Be3 {[%clk 1:29:37]} c6 {[%clk 1:18:28]} 7. a4
{[%clk 1:28:53]} a5 {[%clk 1:15:57]} 8. Be2 {[%clk 1:26:21]} Nbd7
{[%clk 1:03:44]} 9. O-O {[%clk 1:25:37]} d5 {[%clk 1:00:22]} 10. e5
{[%clk 1:10:35]} Ne8 {[%clk 0:59:45]} 11. Ne1 {[%clk 1:02:16]} f6
{[%clk 0:35:16]} 12. f4 {[%clk 0:58:30]} e6 {[%clk 0:35:31]} 13. Nd3
{[%clk 0:50:25]} b6 {[%clk 0:34:54]} 14. exf6 {[%clk 0:48:36]} Ndxf6
{[%clk 0:34:29]} 15. Ne5 {[%clk 0:48:42]} Qc7 {[%clk 0:34:13]} 16. Bf3
{[%clk 0:44:38]} Nd6 {[%clk 0:34:08]} 17. g4 {[%clk 0:44:55]} Ba6
{[%clk 0:33:36]} 18. Re1 {[%clk 0:44:44]} c5 {[%clk 0:30:24]} 19. Bg2
{[%clk 0:37:46]} Rad8 {[%clk 0:26:24]} 20. Qd2 {[%clk 0:23:24]} Nde4
{[%clk 0:23:33]} 21. Nxe4 {[%clk 0:23:36]} Nxe4 {[%clk 0:23:57]} 22. Bxe4
{[%clk 0:18:52]} dxe4 {[%clk 0:23:40]} 23. c3 {[%clk 0:15:43]} g5
{[%clk 0:20:05]} 24. Rad1 {[%clk 0:15:07]} Bxe5 {[%clk 0:08:45]} 25. fxe5
{[%clk 0:15:31]} h6 {[%clk 0:09:13]} 26. h4 {[%clk 0:08:43]} Rf3 {[%clk 0:09:10]}
27. hxg5 {[%clk 0:07:34]} Rdf8 {[%clk 0:09:00]} 28. Qg2 {[%clk 0:02:53]} hxg5
{[%clk 0:08:59]} 29. Bxg5 {[%clk 0:02:48]} cxd4 {[%clk 0:05:29]} 30. cxd4
{[%clk 0:02:26]} Qh7 {[%clk 0:05:43]} 31. Bf6 {[%clk 0:02:24]} R8xf6
{[%clk 0:06:09]} 32. exf6 {[%clk 0:02:46]} Qh4 {[%clk 0:06:37]} 33. Rxe4
{[%clk 0:00:32]} Rg3 {[%clk 0:07:01]} 34. d5 {[%clk 0:00:38]} Rxg2+
{[%clk 0:06:48]} 35. Kxg2 {[%clk 0:01:07]} Bb7 {[%clk 0:07:06]} 36. f7+
{[%clk 0:00:35]} Kxf7 {[%clk 0:07:03]} 37. Rh1 {[%clk 0:00:35]} Qxh1+
{[%clk 0:07:13]} 0-1

[Event "Ekstraliga 2019"]
[Site "Katowice"]
[Date "2019.09.03"]
[Round "7.9"]
[White "Skawinski, Arkadiusz"]
[Black "Olszewski, Michal"]
[Result "1/2-1/2"]
[BlackElo "2522"]
[WhiteElo "2398"]
[WhiteTeam "Bialy Krol Wisznia Mala"]
[BlackTeam "Akademia Szachowa Gliwice"]
[LiveChessVersion "1.4.8"]

1. e4 {[%clk 1:30:59]} e5 {[%clk 1:30:54]} 2. Nf3 {[%clk 1:31:27]} Nc6
{[%clk 1:31:17]} 3. Bb5 {[%clk 1:31:54]} a6 {[%clk 1:31:07]} 4. Ba4
{[%clk 1:32:21]} Nf6 {[%clk 1:31:32]} 5. O-O {[%clk 1:32:47]} Be7
{[%clk 1:31:57]} 6. d3 {[%clk 1:33:14]} d6 {[%clk 1:31:51]} 7. c3
{[%clk 1:33:07]} O-O {[%clk 1:32:14]} 8. Re1 {[%clk 1:33:36]} Nd7
{[%clk 1:28:55]} 9. b4 {[%clk 1:31:47]} Nb6 {[%clk 1:28:37]} 10. Bb3
{[%clk 1:30:38]} a5 {[%clk 1:18:39]} 11. b5 {[%clk 1:30:18]} Nb8 {[%clk 1:18:34]}
12. a4 {[%clk 1:30:43]} c6 {[%clk 1:18:25]} 13. Na3 {[%clk 1:18:54]} N8d7
{[%clk 1:12:43]} 14. Be3 {[%clk 1:17:19]} 1/2-1/2

[Event "Ekstraliga 2019"]
[Site "Katowice"]
[Date "2019.09.03"]
[Round "7.10"]
[White "Warakomski, Tomasz"]
[Black "Luch, Michal"]
[Result "1/2-1/2"]
[BlackElo "2393"]
[WhiteElo "2497"]
[WhiteTeam "Akademia Szachowa Gliwice"]
[BlackTeam "Bialy Krol Wisznia Mala"]
[LiveChessVersion "1.4.8"]

1. e4 {[%clk 1:30:56]} d5 {[%clk 1:30:58]} 2. exd5 {[%clk 1:31:10]} Qxd5
{[%clk 1:31:26]} 3. Nc3 {[%clk 1:31:31]} Qd6 {[%clk 1:31:50]} 4. d4
{[%clk 1:31:53]} Nf6 {[%clk 1:32:12]} 5. Nf3 {[%clk 1:32:20]} g6 {[%clk 1:32:28]}
6. Nb5 {[%clk 1:28:26]} Qb6 {[%clk 1:32:56]} 7. Be2 {[%clk 1:27:41]} c6
{[%clk 1:31:44]} 8. Na3 {[%clk 1:28:04]} Bg7 {[%clk 1:30:29]} 9. O-O
{[%clk 1:28:25]} O-O {[%clk 1:27:37]} 10. Nc4 {[%clk 1:24:12]} Qc7
{[%clk 1:27:59]} 11. Bg5 {[%clk 1:22:33]} b6 {[%clk 1:12:11]} 12. Re1
{[%clk 1:03:27]} Bb7 {[%clk 1:10:47]} 13. Nce5 {[%clk 0:51:39]} c5
{[%clk 1:06:18]} 14. dxc5 {[%clk 0:50:48]} Qxc5 {[%clk 1:03:44]} 15. c4
{[%clk 0:49:11]} Ne4 {[%clk 1:02:26]} 16. Nd3 {[%clk 0:36:54]} Qc7
{[%clk 0:57:47]} 1/2-1/2

[Event "Ekstraliga 2019"]
[Site "Katowice"]
[Date "2019.09.03"]
[Round "7.11"]
[White "Bronowicki, Mateusz"]
[Black "Kantans, Toms"]
[Result "0-1"]
[BlackElo "2490"]
[WhiteElo "2271"]
[WhiteTeam "Bialy Krol Wisznia Mala"]
[BlackTeam "Akademia Szachowa Gliwice"]
[LiveChessVersion "1.4.8"]

1. Nf3 {[%clk 1:30:32]} c5 {[%clk 1:29:53]} 2. c4 {[%clk 1:25:49]} Nc6
{[%clk 1:29:57]} 3. Nc3 {[%clk 1:25:45]} e5 {[%clk 1:29:26]} 4. g3
{[%clk 1:24:58]} f5 {[%clk 1:29:11]} 5. d3 {[%clk 1:23:30]} Nf6 {[%clk 1:28:49]}
6. Bg2 {[%clk 1:23:49]} Be7 {[%clk 1:28:34]} 7. O-O {[%clk 1:20:19]} O-O
{[%clk 1:28:56]} 8. a3 {[%clk 1:17:48]} d6 {[%clk 1:25:29]} 9. Bg5
{[%clk 1:10:01]} Be6 {[%clk 1:17:58]} 10. Ne1 {[%clk 1:02:29]} Qd7
{[%clk 1:15:30]} 11. e3 {[%clk 0:54:21]} Rae8 {[%clk 1:14:23]} 12. Nc2
{[%clk 0:43:15]} e4 {[%clk 1:05:28]} 13. f4 {[%clk 0:36:31]} exf3
{[%clk 0:50:21]} 14. Qxf3 {[%clk 0:30:18]} h6 {[%clk 0:50:19]} 15. Bxf6
{[%clk 0:28:16]} Bxf6 {[%clk 0:50:45]} 16. Rab1 {[%clk 0:27:44]} Bxc3
{[%clk 0:42:38]} 17. bxc3 {[%clk 0:28:12]} d5 {[%clk 0:37:00]} 18. cxd5
{[%clk 0:25:40]} Ne5 {[%clk 0:37:24]} 19. Qh5 {[%clk 0:25:17]} Bxd5
{[%clk 0:37:45]} 20. e4 {[%clk 0:18:30]} Bf7 {[%clk 0:37:43]} 21. Qd1
{[%clk 0:18:34]} Nxd3 {[%clk 0:29:11]} 22. exf5 {[%clk 0:15:34]} b6
{[%clk 0:27:12]} 23. Qd2 {[%clk 0:14:19]} Rd8 {[%clk 0:25:14]} 24. f6
{[%clk 0:10:25]} Ne5 {[%clk 0:25:11]} 25. Qe2 {[%clk 0:07:58]} Rfe8
{[%clk 0:22:44]} 26. Rbd1 {[%clk 0:07:27]} Qg4 {[%clk 0:22:22]} 27. Qxg4
{[%clk 0:06:15]} Nxg4 {[%clk 0:22:50]} 28. Bc6 {[%clk 0:02:57]} Rf8
{[%clk 0:21:20]} 29. fxg7 {[%clk 0:02:59]} Kxg7 {[%clk 0:21:48]} 30. Rde1
{[%clk 0:01:06]} Rd3 {[%clk 0:15:22]} 31. Re7 {[%clk 0:00:52]} Rxc3
{[%clk 0:15:21]} 32. Bd5 {[%clk 0:00:31]} Nf6 {[%clk 0:15:31]} 33. Bxf7
{[%clk 0:00:31]} Rxf7 {[%clk 0:15:57]} 34. Re2 {[%clk 0:00:32]} Nd5
{[%clk 0:14:00]} 35. Rd1 {[%clk 0:00:53]} Re7 {[%clk 0:13:26]} 36. Rf2
{[%clk 0:00:36]} Nf6 {[%clk 0:13:32]} 37. a4 {[%clk 0:00:42]} Re6
{[%clk 0:12:04]} 38. a5 {[%clk 0:00:32]} b5 {[%clk 0:12:30]} 39. Rfd2
{[%clk 0:00:31]} b4 {[%clk 0:12:22]} 40. Ne1 {[%clk 0:30:47]} b3 {[%clk 0:41:28]}
41. Ng2 {[%clk 0:28:22]} c4 {[%clk 0:39:13]} 42. Nf4 {[%clk 0:28:43]} Re5
{[%clk 0:39:03]} 43. a6 {[%clk 0:29:00]} Rce3 {[%clk 0:37:52]} 0-1